| Tag |
First Indicator |
Second Indicator |
Subfields |
| LEADER |
00000cam a2200000 a 4500 |
| 001 |
in00001218708 |
| 005 |
20151002095533.0 |
| 008 |
940314s1994 paua s000 0 eng |
| 010 |
|
|
|a 94011758
|
| 020 |
|
|
|a 0822937964 (cl)
|
| 020 |
|
|
|a 082295527X (pb)
|
| 035 |
|
|
|a (OCoLC)30075086
|
| 035 |
|
|
|9 AGQ8641AM
|
| 040 |
|
|
|a DLC
|c DLC
|d TXA
|d UtOrBLW
|
| 049 |
|
|
|a TXAM
|
| 050 |
0 |
0 |
|a PS3561.O6
|b W43 1994
|
| 082 |
0 |
0 |
|a 811/.54
|2 20
|
| 100 |
1 |
|
|a Kooser, Ted.
|
| 245 |
1 |
0 |
|a Weather central /
|c Ted Kooser.
|
| 264 |
|
1 |
|a Pittsburgh :
|b University of Pittsburgh Press,
|c [1994]
|
| 264 |
|
4 |
|c ©1994
|
| 300 |
|
|
|a 87 pages :
|b illustrations ;
|c 24 cm.
|
| 336 |
|
|
|a text
|b txt
|2 rdacontent
|
| 337 |
|
|
|a unmediated
|b n
|2 rdamedia
|
| 338 |
|
|
|a volume
|b nc
|2 rdacarrier
|
| 490 |
1 |
|
|a Pitt poetry series
|
| 830 |
|
0 |
|a Pitt poetry series.
|
| 999 |
|
|
|a MARS
|
| 999 |
f |
f |
|s 857a5539-ecde-3756-8c32-e16387983937
|i 160e127b-682d-30a3-9aa0-14c9304192a8
|t 0
|
| 952 |
f |
f |
|p normal
|a Texas A&M University
|b College Station
|c Sterling C. Evans Library
|d Evans: Library Stacks
|t 0
|e PS3561.O6 W43 1994
|h Library of Congress classification
|i unmediated -- volume
|m A14818903358
|
| 998 |
f |
f |
|a PS3561.O6 W43 1994
|t 0
|l Evans: Library Stacks
|